Sound waves generated due to the absorption of a pulsed electron beam in gas; Acoustical Physics; Vol. 48, iss. 2

Библиографические подробности
Источник:Acoustical Physics: Scientific Journal.— , 1955-
Vol. 48, iss. 2.— 2002.— [P. 220-224]
Главный автор: Pushkarev A. I. Aleksandr Ivanovich
Другие авторы: Pushkarev M. A., Remnev G. E. Gennady Efimovich
Примечания:Title screen
The results of an experimental investigation of acoustic vibrations (their frequency, amplitude, and attenuation coefficient) generated in a gas mixture as a result of the injection of a high-current pulsed electron beam into a closed reactor are presented. It is shown that the change in the phase composition of the initial mixture under the action of the electron beam leads to a change in the frequency of the sound waves and to an increase in the attenuation coefficient. By measuring the change in frequency, it is possible to evaluate with sufficient accuracy (about 2%) the degree of conversion of the initial products in the plasmochemical process. Relations describing the dependence of the sound energy attenuation coefficient on the size of the reactor and on the thermal and physical properties of the gases under study are derived. It is shown that a simple experimental setup measuring the parameters of acoustic waves can be used for monitoring the plasmochemical processes initiated by a pulsed excitation of a gas mixture.
Режим доступа: по договору с организацией-держателем ресурса
Язык:английский
Опубликовано: 2002
Предметы:
Online-ссылка:http://dx.doi.org/10.1134/1.1460960
Формат: Электронный ресурс Статья
Запись в KOHA:https://koha.lib.tpu.ru/cgi-bin/koha/opac-detail.pl?biblionumber=652622

MARC

LEADER 00000naa0a2200000 4500
001 652622
005 20250204161815.0
035 |a (RuTPU)RU\TPU\network\17951 
035 |a RU\TPU\network\10658 
090 |a 652622 
100 |a 20170120d2002 k||y0rusy50 ba 
101 0 |a eng 
102 |a US 
135 |a drcn ---uucaa 
181 0 |a i  
182 0 |a b 
200 1 |a Sound waves generated due to the absorption of a pulsed electron beam in gas  |f A. I. Pushkarev, M. A. Pushkarev, G. E. Remnev 
203 |a Text  |c electronic 
300 |a Title screen 
320 |a [References: p. 224 (17 tit.)] 
330 |a The results of an experimental investigation of acoustic vibrations (their frequency, amplitude, and attenuation coefficient) generated in a gas mixture as a result of the injection of a high-current pulsed electron beam into a closed reactor are presented. It is shown that the change in the phase composition of the initial mixture under the action of the electron beam leads to a change in the frequency of the sound waves and to an increase in the attenuation coefficient. By measuring the change in frequency, it is possible to evaluate with sufficient accuracy (about 2%) the degree of conversion of the initial products in the plasmochemical process. Relations describing the dependence of the sound energy attenuation coefficient on the size of the reactor and on the thermal and physical properties of the gases under study are derived. It is shown that a simple experimental setup measuring the parameters of acoustic waves can be used for monitoring the plasmochemical processes initiated by a pulsed excitation of a gas mixture. 
333 |a Режим доступа: по договору с организацией-держателем ресурса 
461 |t Acoustical Physics  |o Scientific Journal  |d 1955- 
463 |t Vol. 48, iss. 2  |v [P. 220-224]  |d 2002 
610 1 |a электронный ресурс 
610 1 |a труды учёных ТПУ 
610 1 |a звуковые волны 
610 1 |a электронные пучки 
610 1 |a газ 
700 1 |a Pushkarev  |b A. I.  |c physicist  |c Professor of Tomsk Polytechnic University, Doctor of physical and mathematical sciences, Senior researcher  |f 1954-  |g Aleksandr Ivanovich  |3 (RuTPU)RU\TPU\pers\32701  |9 16587 
701 1 |a Pushkarev  |b M. A. 
701 1 |a Remnev  |b G. E.  |c physicist  |c Professor of Tomsk Polytechnic University, Doctor of technical sciences  |f 1948-  |g Gennady Efimovich  |3 (RuTPU)RU\TPU\pers\31500 
801 2 |a RU  |b 63413507  |c 20170120  |g RCR 
856 4 0 |u http://dx.doi.org/10.1134/1.1460960 
942 |c CF